Stuck in the Middle with 'B' Quiz Stats

Quiz Updated May 24, 2016

Challenge
Share
Tweet
Embed
Score 0/25 Timer 06:00
1 Play Today
% Correct
bar
93.7%
ban
93.5%
bit
92.9%
bed
92.6%
bass
92.6%
but
92.5%
boo
92.3%
bear
91.7%
bell
91.4%
bra
91.1%
bag
90.8%
bat
90.7%
bow
90.3%
% Correct
bone
89.8%
back
89.7%
born
89.5%
bust
88.9%
by
87.9%
bore
87.7%
bet
87.3%
brat
86.8%
ball
86.5%
bus
85.6%
blew
85.3%
bin
80.3%

You're not logged in!

Compare scores with friends on all Sporcle quizzes.
Sign Up with Email
OR
Log In

You Might Also Like...

Show Comments

Extras

Top Quizzes Today


Score Distribution

Your Account Isn't Verified!

In order to create a playlist on Sporcle, you need to verify the email address you used during registration. Go to your Sporcle Settings to finish the process.